<?xml version="1.0" encoding="UTF-8"?>
<marc:record xmlns:marc="http://www.loc.gov/MARC21/slim">
   <marc:leader>00000nam a2200000 a 4500</marc:leader>
   <marc:datafield ind1="1" ind2=" " tag="100">
      <marc:subfield code="a">Pauli, Markus</marc:subfield>
      <marc:subfield code="4">aut</marc:subfield>
      <marc:subfield code="e">Verfasser/-in</marc:subfield>
   </marc:datafield>
   <marc:datafield ind1="1" ind2=" " tag="100">
      <marc:subfield code="a">und viele weitere</marc:subfield>
   </marc:datafield>
   <marc:datafield ind1="1" ind2=" " tag="100">
      <marc:subfield code="a">Pauli, Markus</marc:subfield>
   </marc:datafield>
   <marc:datafield ind1=" " ind2=" " tag="653">
      <marc:subfield code="a">Lieder</marc:subfield>
   </marc:datafield>
   <marc:datafield ind1=" " ind2=" " tag="653">
      <marc:subfield code="a">Freunde</marc:subfield>
   </marc:datafield>
   <marc:datafield ind1=" " ind2=" " tag="653">
      <marc:subfield code="a">Eltern</marc:subfield>
   </marc:datafield>
   <marc:datafield ind1=" " ind2=" " tag="653">
      <marc:subfield code="a">Schokolade</marc:subfield>
   </marc:datafield>
   <marc:datafield ind1="0" ind2="0" tag="245">
      <marc:subfield code="a">Das Gelbe vom Drei</marc:subfield>
   </marc:datafield>
   <marc:datafield ind1="0" ind2="0" tag="245">
      <marc:subfield code="c">Markus Pauli. Markus Pauli ; und viele weitere</marc:subfield>
   </marc:datafield>
   <marc:datafield ind1=" " ind2="1" tag="264">
      <marc:subfield code="a">Hamburg</marc:subfield>
      <marc:subfield code="b">Wintrup Musikverlag</marc:subfield>
      <marc:subfield code="c">2018</marc:subfield>
   </marc:datafield>
   <marc:datafield ind1="1" ind2=" " tag="490">
      <marc:subfield code="a">Tonie; Deine Freunde</marc:subfield>
   </marc:datafield>
   <marc:datafield ind1="1" ind2=" " tag="520">
      <marc:subfield code="a">Dieser großartige Tonie macht nicht nur optisch was her, sondern bringt euch auch ein exklusives Best-Of der drei Freunde Florian Sump, Markus Pauli und Lukas Nimscheck auf die Toniebox. Die coolste Kinderband der Welt wurde bereits mit dem Hamburger Musikpreis HANS ausgezeichnet und wir haben uns die perfektesten Leckerbissen aller Studioalben herausgepickt, um euch diesen tollen Tonie zu präsentieren.&lt;br/&gt;01 - Schokolade&lt;br/&gt;02 - Mein lieber Freund, ich zähl bis Drei&lt;br/&gt;03 - Deine Mudder&lt;br/&gt;04 - Du bist aber groß geworden&lt;br/&gt;05 - Die besten gemeinsten Eltern der Welt&lt;br/&gt;06 - Digge Luft&lt;br/&gt;07 - Einfach klein sein&lt;br/&gt;08 - Schatz&lt;br/&gt;09 - Aber dann Hausaufgaben&lt;br/&gt;10 - Ohne mein Brudi&lt;br/&gt;11 - Erzähl mal&lt;br/&gt;12 - Der Dummi mit dem Flummi&lt;br/&gt;13 - Wann sind wir da?&lt;br/&gt;14 - Mecker&lt;br/&gt;15 - Häschen Hüpf&lt;br/&gt;16 - Erwachsene wissen auch nicht alles</marc:subfield>
   </marc:datafield>
   <marc:datafield ind1=" " ind2=" " tag="020">
      <marc:subfield code="a">4251192104229</marc:subfield>
      <marc:subfield code="9">4251192104229</marc:subfield>
   </marc:datafield>
   <marc:datafield ind1=" " ind2=" " tag="041">
      <marc:subfield code="a">ger</marc:subfield>
   </marc:datafield>
   <marc:datafield ind1=" " ind2=" " tag="300">
      <marc:subfield code="e">Booklet</marc:subfield>
   </marc:datafield>
   <marc:datafield ind1="1" ind2=" " tag="521">
      <marc:subfield code="a">0</marc:subfield>
   </marc:datafield>
   <marc:datafield ind1=" " ind2=" " tag="300">
      <marc:subfield code="a">55 Minuten, 1 Toniefigur</marc:subfield>
   </marc:datafield>
</marc:record>
